|
|
|
|
| LEADER |
00000nam0a2200000 4500 |
| 001 |
272558 |
| 005 |
20231101234539.0 |
| 035 |
|
|
|a (RuTPU)RU\TPU\book\295765
|
| 090 |
|
|
|a 272558
|
| 100 |
|
|
|a 20141020d1982 k y0rusy50 ca
|
| 101 |
0 |
|
|a rus
|
| 102 |
|
|
|a RU
|
| 105 |
|
|
|a a z 001zy
|
| 200 |
1 |
|
|a Геология и тектоника Южного Верхоянья
|f В. И. Коростелев
|g Академия наук СССР (АН СССР), Сибирское отделение (СО), Якутский филиал (ЯФ), Институт геологии ; Якутский государственный университет им. М. К. Аммосова (ЯГУ) ; под ред. В. Е. Хаина
|
| 210 |
|
|
|a Новосибирск
|c Наука
|d 1982
|
| 215 |
|
|
|a 217 с.
|c ил.
|
| 320 |
|
|
|a Библиогр.: с. 209-215.
|
| 606 |
1 |
|
|a Геология
|y Якутия
|2 stltpush
|3 (RuTPU)RU\TPU\subj\72294
|9 85856
|
| 606 |
1 |
|
|a Тектоника
|y Сибирь
|2 stltpush
|3 (RuTPU)RU\TPU\subj\72085
|9 85672
|
| 610 |
1 |
|
|a геологическое строение
|
| 610 |
1 |
|
|a тектоническое районирование
|
| 610 |
1 |
|
|a стратиграфия
|
| 610 |
1 |
|
|a формационный анализ
|
| 610 |
1 |
|
|a осадочные отложения
|
| 610 |
1 |
|
|a магматизм
|
| 610 |
1 |
|
|a геотектоническое развитие
|
| 610 |
1 |
|
|a характеристика
|
| 610 |
1 |
|
|a миогеосинклинали
|
| 610 |
1 |
|
|a металлогения
|
| 675 |
|
|
|a 55(571.56)
|v 3
|
| 675 |
|
|
|a 551.24(571.1./5)
|v 3
|
| 700 |
|
1 |
|a Коростелев
|b В. И.
|g Виктор Иванович
|
| 702 |
|
1 |
|a Хаин
|b В. Е.
|g Виктор Ефимович
|4 340
|
| 712 |
0 |
2 |
|a Академия наук СССР (АН СССР)
|b Сибирское отделение (СО)
|b Якутский филиал (ЯФ)
|b Институт геологии
|c (Якутск)
|2 stltpush
|3 (RuTPU)RU\TPU\col\8181
|
| 712 |
0 |
2 |
|a Якутский государственный университет им. М. К. Аммосова (ЯГУ)
|2 stltpush
|3 (RuTPU)RU\TPU\col\392
|
| 801 |
|
1 |
|a RU
|b 63413507
|c 20141020
|
| 801 |
|
2 |
|a RU
|b 63413507
|c 20150820
|g RCR
|
| 942 |
|
|
|c BK
|